Handbook on Christian mission studies / (Record no. 193703)

MARC details
000 -LEADER
fixed length control field 00555nam a22001817a 4500
005 - DATE AND TIME OF LATEST TRANSACTION
control field 20230317152411.0
010 ## - LCCN (DPL NO)
LC control number ENG-135614
020 ## - INTERNATIONAL STANDARD BOOK NUMBER
Terms of availability 650.00
International Standard Book Number 978-93-90569-31-1
035 ## - SYSTEM CONTROL NUMBER
System control number EN-119146
037 ## - SOURCE OF ACQUISITION
Source of stock number/acquisition DBAD/PUB
082 ## - DEWEY DECIMAL CLASSIFICATION NUMBER
Classification number 266.0095483
100 ## - MAIN ENTRY--PERSONAL NAME
Personal name Joseph Mar Dionysius
245 ## - TITLE STATEMENT
Title Handbook on Christian mission studies /
Statement of responsibility, etc By Joseph Mar Dionysius
260 ## - PUBLICATION, DISTRIBUTION, ETC. (IMPRINT)
Date of publication, distribution, etc 2021
Name of publisher, distributor, etc Theological Publication
Place of publication, distribution, etc Delhi
270 ## - ADDRESS
Address P.O.1585, Kashmiri Gate
City Delhi
Postal code 110006
300 ## - PHYSICAL DESCRIPTION
Extent 686p
Dimensions 23cm(pbk)
942 ## - ADDED ENTRY ELEMENTS (KOHA)
Source of classification or shelving scheme Dewey Decimal Classification
Item type English Books
Call number suffix JOS
Classification part 266.0095483
Holdings
Withdrawn status Lost status Not for loan Collection code Home library Current library Date acquired Source of acquisition Cost, normal purchase price Full call number Barcode Copy number Cost, replacement price Koha item type
      Non-fiction Katevara Katevara 09/11/2022 DBAD/PUB 650.00 266.0095483 JOS EN-119146 1 650.00 English Books

© Delhi Public Library
Hit Counter
free hit counter